Loading...
| Fine Arts - Classical Music | 0 | 6 | 1 | 1 | 55 | 55 | 86.00 | 2 | 2 |
| History - European History | 0 | 4 | 0 | 0 | 40 | 26 | 46.25 | 1 | 3 |
| Mythology | 0 | 3 | 0 | 0 | 30 | 52 | 59.67 | 1 | 3 |
| Literature - American Literature | 0 | 3 | 0 | 0 | 30 | 56 | 73.33 | 0 | 2 |
| Fine Arts - Other Fine Arts | 0 | 2 | 0 | 0 | 20 | 24 | 64.50 | 1 | 2 |
| Religion | 0 | 2 | 0 | 0 | 20 | 69 | 90.50 | 0 | 1 |
| History - Other History | 0 | 2 | 0 | 0 | 20 | 47 | 49.50 | 2 | 2 |
| Science - Other Science | 0 | 2 | 1 | 0 | 15 | 29 | 36.50 | 2 | 2 |
| Science - Physics | 0 | 1 | 0 | 0 | 10 | 50 | 50.00 | 0 | 1 |
| Geography | 0 | 1 | 0 | 0 | 10 | 88 | 88.00 | 0 | 0 |
| History - American History | 0 | 1 | 0 | 0 | 10 | 41 | 41.00 | 0 | 1 |
| Literature - British Literature | 0 | 1 | 0 | 0 | 10 | 95 | 95.00 | 0 | 1 |
| Literature - European Literature | 0 | 1 | 0 | 0 | 10 | 70 | 70.00 | 0 | 1 |
| Pop Culture | 0 | 1 | 0 | 0 | 10 | 61 | 61.00 | 0 | 0 |
| Current Events | 0 | 1 | 0 | 0 | 10 | 35 | 35.00 | 0 | 1 |
| Literature - World Literature | 0 | 0 | 1 | 0 | -5 | 0.00 | 0 | 0 |